00650nam a2200193Ia 4500008004100000020001800041082001700059100001800076245008200094250000700176260003900183300002700222500001900249600001500268650001500283942000700298952013400305999001700439240925s9999 xx 000 0 und d a9781292112800 a658.4052 HOR aHorton, Simon 4aThe leader's guide to negotiation: how to use soft skills to get hard results aNA aLondon:bPearson educationc,2016. axi, 177p.b0fOriginal aIncludes Index aManagement aManagement cBK 001040708MANaUITUbUITUd2019-09-26eAlliance Book Co.g2800.62l0o658.4052 HORpQ15092r2024-09-25 07:17:35w0000-00-00yBK c17591d17591